Statistics for Disputed Territory's

Click here to take the quiz!

General Stats

  • This quiz has been taken 24 times
  • The average score is 6 of 15

Answer Stats

CountryTerritory% Correct
IsraelPalestine
89%
MorrocoWestern Sahara
68%
SerbiaKosovo
63%
GeorgiaAbkhazia
58%
U.K.Falkland Islands
53%
DenmarkGreenland
53%
GeorgiaSouth Ossetia
53%
SomaliaSomaliland
47%
U.S.Guam
37%
U.S.American Samoa
32%
U.S.Puerto Rico
32%
U.K.Gibraltar
26%
RomaniaTransnistria
16%
U.K.Bermuda
11%
FranceFrench Guiana
11%

Score Distribution

Percentile by Number Answered

Percent of People with Each Score

Your Score History

You have not taken this quiz